00689nam a22001817a 450000500170000001000150001702000270003203500140005903700090007308200180008210000150010024501180011526000460023327001140027930000480039370000370044170000290047820251217122113.0 aENG-147364 a9788198307224c3704.00 aEN-130896 bDBAD00a589.29546321 aDas, Kanad00a400 Wild Mushrooms of India:bAn Illustrated Field Guide/cKanad Das; Dyutiparna Chakraborty [and] Sudeshna Datta aKolkatabBotanical Survey of India,c2025 aCGo Complex, 3rd MSO Building, Block F,5th & 6th Floor, DF- Block, Sector-I, Salt Lake City bKolkatae700064 a457p.bill. (some col.), maps ;c25 cm.(Hb) aChakraborty, Dyutiparna eAuthor aDatta, Sudeshna eAuthor